000 00668nam a2200241Ia 4500
003 OSt
005 20220924122711.0
006 a|||||r|||| 00| 0
007 ta
008 220923b |||||||| |||| 00| 0 urd d
020 _c4.00
024 _a321170
037 _cTextual
040 _aARTS
_cARTS
_burd
041 _2urd
_aurd
082 _aQ7x, 168L3
100 _aNadvi Abul Hasan Ali Au.
_9187094
245 0 _aMaghrib se kuch saf saf batein
260 _aLucknow
_bMajlis tehqeeqat-o-nashryat islam India
_c1973
650 _aISLAM
_9577
942 _hQ7x, 168L3
_cTEXL
_2CC
999 _c412709
_d412709